[Event "Perth op"]
[Site "Perth"]
[Date "2023.01.06"]
[Round "7"]
[White "Novakovic, Velibor"]
[Black "Weller, Tony"]
[Result "1-0"]
[WhiteElo "1911"]
[BlackElo "1639"]
[PlyCount "133"]
[EventDate "2023.01.02"]
[EventType "swiss"]
[EventRounds "11"]
[EventCountry "AUS"]
[SourceTitle "CBM 212 Extra"]
[Source "ChessBase"]
[SourceDate "2023.03.31"]
[SourceVersion "1"]
[SourceVersionDate "2023.03.31"]
[SourceQuality "1"]

1. e4 c5 2. Nc3 Nc6 3. g3 d6 4. Bg2 g6 5. d3 Bg7 6. f4 f5 7. Nf3 fxe4 8. dxe4 Nd4 9. 0-0 Bg4 10. Nd5 Nf6 11. Nxf6+ Bxf6 12. c3 Nxf3+ 13. Bxf3 Bxf3 14. Qxf3 0-0 15. Qg4 Bg7 16. Qe6+ Kh8 17. Be3 Rf6 18. Qb3 Qd7 19. Rad1 Qc6 20. Qd5 Qxd5 21. exd5 b5 22. b3 a5 23. c4 bxc4 24. bxc4 Rb8 25. Rb1 Rff8 26. Rb5 Bc3 27. Rfb1 Rxb5 28. Rxb5 Re8 29. Rb3 Bb4 30. Bc1 Kg7 31. Re3 a4 32. Kg2 Kf7 33. Kf3 e6 34. dxe6+ Rxe6 35. Rxe6 Kxe6 36. Ke4 h5 37. h3 Be1 38. g4 hxg4 39. hxg4 Bc3 40. Be3 Bg7 41. Bf2 Bf6 42. f5+ gxf5+ 43. gxf5+ Kd7 44. Kd5 Be7 45. Be3 Bf6 46. Bh6 Be5 47. Bf8 a3 48. Bh6 Ke7 49. Bc1 Kf6 50. Ke4 Bb2 51. Bd2 Be5 52. Be1 Kg5 53. Bf2 Bf6 54. Be3+ Kg4 55. Bf4 Be7 56. f6 Bxf6 57. Bxd6 Bd4 58. Kd5 Kf5 59. Bxc5 Bb2 60. Bd6 Bc1 61. c5 Be3 62. c6 Bb6 63. Bxa3 Kf6 64. Kd6 Kf7 65. Kd7 Ba5 66. c7 Bxc7 67. Kxc7 1-0

[Event "Asian-ch Seniors 65"]
[Site "Auckland"]
[Date "2022.10.18"]
[Round "7"]
[White "Hooton, Barry R"]
[Black "Weller, Tony"]
[Result "0-1"]
[WhiteElo "1320"]
[BlackElo "1632"]
[PlyCount "120"]
[EventDate "2022.10.15"]
[EventType "swiss"]
[EventRounds "9"]
[EventCountry "NZL"]
[SourceTitle "EXT 2024"]
[Source "ChessBase"]
[SourceDate "2023.10.10"]
[SourceVersion "1"]
[SourceVersionDate "2023.10.10"]
[SourceQuality "1"]

1. d4 Nf6 2. c4 e5 3. dxe5 Ng4 4. Nf3 Nc6 5. Bf4 Bb4+ 6. Nbd2 Qe7 7. a3 Ngxe5 8. Nxe5 Nxe5 9. Bxe5 Bxd2+ 10. Qxd2 Qxe5 11. e3 d6 12. Be2 0-0 13. 0-0 Be6 14. Rfd1 Rad8 15. b4 c6 16. Qd4 b6 17. Rac1 c5 18. Qc3 f6 19. Bf3 Rc8 20. b5 Rfd8 21. Bd5 Bxd5 22. Rxd5 Qxc3 23. Rxc3 Kf7 24. f3 a6 25. a4 axb5 26. axb5 Ra8 27. Kf2 g5 28. e4 Ke6 29. g4 Ra2+ 30. Kg3 Rd7 31. Rdd3 Ke7 32. Ra3 Ra7 33. Rxa7+ Rxa7 34. Rd2 Ra1 35. Rc2 Ke6 36. Rc3 Ke5 37. Rc2 Ra3 38. Rc1 Kd4 39. Rd1+ Rd3 40. Rc1 Rd2 41. h3 Kd3 42. h4 h6 43. h5 Kd4 44. Kh3 Rd3 45. Kg3 Rc3 46. Ra1 Kxc4 47. Ra7 Kxb5 48. Rh7 d5 49. exd5 Rd3 50. Rxh6 Rxd5 51. Rg6 c4 52. h6 Rd8 53. h7 Rh8 54. Rg7 c3 55. Kf2 Kb4 56. Ke2 b5 57. Kd1 Kb3 58. Kc1 b4 59. Rb7 Ra8 60. Ra7 Rxa7 0-1

[Event "Gold Coast Van de Graaff op"]
[Site "Gold Coast"]
[Date "2020.09.20"]
[Round "6"]
[White "Weller, Tony"]
[Black "Tang, Terrence"]
[Result "1-0"]
[WhiteElo "1725"]
[BlackElo "1614"]
[PlyCount "85"]
[EventDate "2020.09.19"]
[EventType "swiss"]
[EventRounds "7"]
[EventCountry "AUS"]
[SourceTitle "CBM 198 Extra"]
[Source "ChessBase"]
[SourceDate "2020.11.30"]
[SourceVersion "1"]
[SourceVersionDate "2020.11.30"]
[SourceQuality "1"]

1. d4 Nf6 2. Nf3 d5 3. Bf4 Bf5 4. e3 e6 5. Nbd2 c5 6. Bb5+ Nc6 7. Ne5 Qb6 8. c4 Be7 9. Qa4 0-0 10. Bxc6 bxc6 11. Nxc6 Rfe8 12. Nxe7+ Rxe7 13. Qb5 Qxb5 14. cxb5 cxd4 15. exd4 h6 16. Rc1 Ree8 17. a4 Bd3 18. Nb3 g5 19. Be3 e5 20. dxe5 Rxe5 21. Kd2 Bc4 22. Nd4 Ne4+ 23. Kc2 Rc8 24. Nc6 Ba2 25. Rhd1 a6 26. b3 axb5 27. Kb2 Re6 28. Ne7+ Rxe7 29. Rxc8+ Kg7 30. Bd4+ Kh7 31. Kxa2 bxa4 32. bxa4 Nxf2 33. Bxf2 Re2+ 34. Kb3 Rxf2 35. Rc2 Rf5 36. Rcd2 Re5 37. Rxd5 Re3+ 38. Kb4 Re2 39. R1d2 Re4+ 40. Kb5 Re1 41. Ra2 Rb1+ 42. Kc6 Rc1+ 43. Kd7 1-0

[Event "Sydney op-B"]
[Site "Parramatta"]
[Date "2013.04.03"]
[Round "1"]
[White "Weller, Tony"]
[Black "Tracey, Michael"]
[Result "1-0"]
[WhiteElo "1712"]
[BlackElo "1378"]
[PlyCount "81"]
[EventDate "2013.04.03"]
[EventType "swiss"]
[EventRounds "9"]
[EventCountry "AUS"]
[SourceTitle "EXT 2023"]
[Source "ChessBase"]
[SourceDate "2022.10.05"]
[SourceVersion "1"]
[SourceVersionDate "2022.10.05"]
[SourceQuality "1"]

1. d4 Nf6 2. e3 g6 3. c4 c5 4. Nc3 Bg7 5. Nf3 0-0 6. Be2 d5 7. 0-0 Nc6 8. dxc5 Qa5 9. cxd5 Nb4 10. e4 Qxc5 11. Be3 Qc7 12. a3 Na6 13. Qd2 Ng4 14. Bf4 Ne5 15. Nxe5 Bxe5 16. Bxe5 Qxe5 17. f4 Qc7 18. Nb5 Qb6+ 19. Qd4 Qxd4+ 20. Nxd4 Nc5 21. e5 Bd7 22. b4 Na4 23. e6 fxe6 24. dxe6 Bc6 25. Nxc6 bxc6 26. Rac1 Rac8 27. Bd1 Nb6 28. Bb3 Nd5 29. g3 Kg7 30. Ba4 Nb6 31. Bxc6 Rc7 32. Bd7 Rxc1 33. Rxc1 Nxd7 34. exd7 Rd8 35. Rc7 a6 36. a4 Kf7 37. b5 axb5 38. axb5 Ke6 39. Kf2 Rxd7 40. Rxd7 Kxd7 41. Ke3 1-0

[Event "Queensland-ch"]
[Site "Brisbane"]
[Date "2012.09.30"]
[Round "6"]
[White "Weller, Tony"]
[Black "Louie, Ryan"]
[Result "0-1"]
[WhiteElo "1881"]
[BlackElo "1810"]
[PlyCount "94"]
[EventDate "2012.09.27"]
[EventType "swiss"]
[EventRounds "9"]
[EventCountry "AUS"]
[SourceTitle "EXT 2013"]
[Source "ChessBase"]
[SourceDate "2012.11.22"]
[SourceVersion "1"]
[SourceVersionDate "2012.11.22"]
[SourceQuality "1"]

1. d4 c5 2. e3 Nf6 3. Bd3 Nc6 4. Nf3 d5 5. c3 e6 6. Ne5 Be7 7. 0-0 0-0 8. Nd2 Qe8 9. f4 Nd7 10. Rf3 f5 11. Rh3 Nf6 12. Qf3 Nxe5 13. dxe5 Ng4 14. Be2 Nh6 15. b3 Bd7 16. Bb2 Bc6 17. Qg3 Qg6 18. Qxg6 hxg6 19. c4 Kf7 20. Rd1 Rfd8 21. Bf3 dxc4 22. Bxc6 bxc6 23. bxc4 Rd3 24. Kf2 Rad8 25. Ke2 Ng4 26. Bc1 Rc3 27. Rh1 Rc2 28. a3 Rd7 29. Rh8 Bd8 30. h3 Ba5 31. Rd1 Nxe3 32. Kxe3 Rxc1 33. Rxc1 Bxd2+ 34. Ke2 Bxc1 35. a4 Bxf4 36. Rc8 Bxe5 37. Rxc6 Rc7 38. Ra6 g5 39. Ra5 Kf6 40. Rb5 Rc6 41. Kd3 Bd4 42. g4 Ke5 43. Rb7 Ra6 44. Rxg7 Kf4 45. Rg6 Rxa4 46. Rxe6 Ra3+ 47. Kd2 Ra2+ 0-1

[Event "Queensland-ch"]
[Site "Brisbane"]
[Date "2012.09.28"]
[Round "3"]
[White "Weller, Tony"]
[Black "Lapitan, Daniel"]
[Result "1-0"]
[WhiteElo "1881"]
[BlackElo "1744"]
[PlyCount "49"]
[EventDate "2012.09.27"]
[EventType "swiss"]
[EventRounds "9"]
[EventCountry "AUS"]
[SourceTitle "EXT 2013"]
[Source "ChessBase"]
[SourceDate "2012.11.22"]
[SourceVersion "1"]
[SourceVersionDate "2012.11.22"]
[SourceQuality "1"]

1. d4 Nf6 2. Nf3 g6 3. e3 Bg7 4. c4 d6 5. Be2 0-0 6. 0-0 Nbd7 7. Nc3 e5 8. Qc2 c6 9. Rd1 Qc7 10. b3 Re8 11. Bd3 a6 12. Bb2 exd4 13. exd4 Nf8 14. h3 Nh5 15. Ne2 Ne6 16. Re1 Bd7 17. d5 Nc5 18. Bxg7 Nxg7 19. Ng3 Nxd3 20. Qxd3 c5 21. Ne4 Kh8 22. Nf6 Rxe1+ 23. Rxe1 Bf5 24. Qc3 Rg8 25. Re8 1-0

[Event "New Caledonia-ch"]
[Site "Noumea"]
[Date "2011.09.07"]
[Round "8"]
[White "Weller, Tony"]
[Black "Bekker, Gary"]
[Result "1/2-1/2"]
[WhiteElo "1889"]
[BlackElo "1807"]
[PlyCount "53"]
[EventDate "2011.09.03"]
[EventType "tourn"]
[EventRounds "9"]
[EventCountry "AUS"]
[SourceTitle "CBM 144 Extra"]
[Source "ChessBase"]
[SourceDate "2011.10.28"]
[SourceVersion "1"]
[SourceVersionDate "2011.10.28"]
[SourceQuality "1"]

1. d4 Nf6 2. c4 g6 3. Nc3 d5 4. e3 Bg7 5. Nf3 0-0 6. cxd5 Nxd5 7. Bc4 Nb6 8. Be2 N8d7 9. 0-0 c5 10. Bd2 cxd4 11. Nxd4 Nf6 12. Rc1 e5 13. Nf3 Qe7 14. a3 Rd8 15. Na4 Nbd5 16. Qb3 b6 17. Bc4 Bb7 18. Rfe1 Ne4 19. Rcd1 Rac8 20. Bd3 Nxd2 21. Nxd2 Nc3 22. Nxc3 Rxd3 23. e4 Rcd8 24. Qc2 R3d7 25. Nf3 Qc5 26. Qb3 Qe7 27. h3 1/2-1/2

[Event "New Caledonia-ch"]
[Site "Noumea"]
[Date "2011.09.06"]
[Round "7"]
[White "Weller, Tony"]
[Black "Giraud, Sylvain"]
[Result "0-1"]
[WhiteElo "1889"]
[BlackElo "2043"]
[PlyCount "124"]
[EventDate "2011.09.03"]
[EventType "tourn"]
[EventRounds "9"]
[EventCountry "AUS"]
[SourceTitle "CBM 144 Extra"]
[Source "ChessBase"]
[SourceDate "2011.10.28"]
[SourceVersion "1"]
[SourceVersionDate "2011.10.28"]
[SourceQuality "1"]

1. d4 Nf6 2. Nf3 c5 3. c3 b6 4. g3 Bb7 5. Bg2 d6 6. 0-0 Nbd7 7. Nbd2 e6 8. b3 Be7 9. Bb2 0-0 10. Rc1 b5 11. c4 a6 12. Re1 Ne4 13. Nxe4 Bxe4 14. dxc5 Nxc5 15. b4 Nd7 16. cxb5 axb5 17. a3 Qb6 18. Qd4 Qxd4 19. Nxd4 Bxg2 20. Kxg2 Bf6 21. Rc7 Nb6 22. e3 Nc4 23. Bc1 Bxd4 24. exd4 d5 25. Rb7 Rfb8 26. Rxb8+ Rxb8 27. Re2 Rc8 28. Ra2 Nb6 29. Bf4 Rc4 30. Bd6 Na4 31. Bc5 h5 32. Re2 Rc3 33. Re3 Rxe3 34. fxe3 f6 35. Kf3 Kf7 36. e4 Nc3 37. exd5 exd5 38. h3 Ke6 39. g4 h4 40. Bf8 g5 41. Bc5 Nb1 42. Bf8 Nxa3 43. Bc5 Nb1 44. Bb6 Kf7 45. Bd8 Kg6 46. Be7 Nd2+ 47. Ke2 Nc4 48. Kf3 Kf7 49. Bd8 Nd6 50. Ke3 Ne8 51. Kf3 Ng7 52. Bb6 Ne6 53. Kg2 f5 54. gxf5 Nf4+ 55. Kf3 Nxh3 56. Kg4 Ng1 57. Bc7 h3 58. Be5 Ke7 59. Kg3 h2 60. Kg2 Nf3 61. Kh1 Nxe5 62. dxe5 d4 0-1

[Event "Queensland op"]
[Site "Brisbane"]
[Date "2011.04.26"]
[Round "11"]
[White "Weller, Tony"]
[Black "Post, Martin J"]
[Result "1-0"]
[WhiteElo "1921"]
[BlackElo "2047"]
[PlyCount "51"]
[EventDate "2011.04.22"]
[EventType "tourn"]
[EventRounds "11"]
[EventCountry "AUS"]
[SourceTitle "EXT 2023"]
[Source "ChessBase"]
[SourceDate "2022.10.05"]
[SourceVersion "1"]
[SourceVersionDate "2022.10.05"]
[SourceQuality "1"]

1. c4 Nf6 2. Nc3 g6 3. e3 Bg7 4. d4 0-0 5. Nf3 d6 6. Bd3 Nbd7 7. 0-0 Re8 8. Qc2 e5 9. b3 h6 10. Bb2 Nh7 11. dxe5 Nxe5 12. Nxe5 dxe5 13. Rad1 Qg5 14. f4 exf4 15. Ne4 Qe7 16. Bxg7 Kxg7 17. Qc3+ Kg8 18. exf4 f5 19. Nf2 Bd7 20. Rfe1 Qa3 21. c5 Be6 22. Rxe6 Rxe6 23. Bc4 Rae8 24. Rd7 Nf6 25. Qxf6 Qc1+ 26. Nd1 1-0

[Event "Surfers Paradise op"]
[Site "Gold Coast"]
[Date "2010.12.27"]
[Round "3"]
[White "Ikeda, Junta"]
[Black "Weller, Tony"]
[Result "1-0"]
[WhiteElo "2262"]
[BlackElo "1932"]
[PlyCount "59"]
[EventDate "2010.12.26"]
[EventType "swiss"]
[EventRounds "9"]
[EventCountry "AUS"]
[SourceTitle "CBM 140 Extra"]
[Source "ChessBase"]
[SourceDate "2011.03.01"]
[SourceVersion "1"]
[SourceVersionDate "2011.03.01"]
[SourceQuality "1"]

1. Nf3 d5 2. g3 Nf6 3. Bg2 Nc6 4. c4 d4 5. d3 e5 6. 0-0 Be7 7. Na3 Bf5 8. Nc2 Qd7 9. b4 e4 10. dxe4 Bxe4 11. b5 Na5 12. Ne5 Qf5 13. Bxe4 Qxe4 14. Bf4 c5 15. bxc6 Nxc6 16. f3 Qf5 17. Nxc6 bxc6 18. Nxd4 Bc5 19. Be3 Qe5 20. Bf2 Qd6 21. e4 0-0 22. Nf5 Bxf2+ 23. Rxf2 Qb4 24. e5 Rfd8 25. Qc1 Ne8 26. Kg2 Rd3 27. Rb1 Qa5 28. Qg5 Rad8 29. e6 Qc3 30. Nh6+ 1-0

[Event "Sydney op-B"]
[Site "Parramatta"]
[Date "2010.04.11"]
[Round "9"]
[White "Stahnke, Alexander"]
[Black "Weller, Tony"]
[Result "1-0"]
[WhiteElo "1918"]
[BlackElo "1943"]
[PlyCount "203"]
[EventDate "2010.04.07"]
[EventType "swiss"]
[EventRounds "9"]
[EventCountry "AUS"]
[SourceTitle "EXT 2012"]
[Source "ChessBase"]
[SourceDate "2011.11.24"]
[SourceVersion "1"]
[SourceVersionDate "2011.11.24"]
[SourceQuality "1"]

1. d4 d5 2. c4 e6 3. Nc3 Nf6 4. e3 c5 5. cxd5 Nxd5 6. Bd3 cxd4 7. exd4 Bb4 8. Nge2 0-0 9. 0-0 Nc6 10. a3 Be7 11. Qc2 h6 12. Nxd5 Qxd5 13. Be3 Bd7 14. Be4 Qa5 15. Rfd1 Rac8 16. b4 Qa6 17. Bd3 b5 18. Nc3 Nb8 19. Qb2 Qb7 20. Rac1 Bc6 21. f3 Nd7 22. a4 bxa4 23. Rb1 Rb8 24. b5 a3 25. bxc6 Qxb2 26. Rxb2 axb2 27. cxd7 Rb3 28. Nb1 a5 29. Kf2 a4 30. Bc4 Rb4 31. Ba2 Rd8 32. d5 Rxd7 33. Bd2 Rd4 34. dxe6 Rd8 35. exf7+ Kf8 36. Ke2 Rc8 37. Bc3 Rxd1 38. Kxd1 Rb8 39. Kc2 a3 40. f4 Rb6 41. g4 Bd6 42. h3 Rb7 43. f5 Re7 44. Bxg7+ Kxg7 45. f6+ Kg6 46. fxe7 Bxe7 47. Nd2 h5 48. gxh5+ Kxh5 49. Nf3 Kg6 50. Ne5+ Kg7 51. Nd7 Bd6 52. h4 Be7 53. h5 Bd6 54. h6+ Kxh6 55. f8Q+ Bxf8 56. Nxf8 Kg7 57. Ne6+ Kf6 58. Nd4 Ke5 59. Nb5 Ke4 60. Nxa3 Kd4 61. Kxb2 Kd3 62. Nc2 Ke4 63. Kc3 Ke5 64. Nd4 Ke4 65. Bc4 Ke3 66. Bd5 Kf4 67. Kd3 Ke5 68. Be4 Kf4 69. Nf3 Kg4 70. Ke3 Kh5 71. Kf4 Kh6 72. Kg4 Kg7 73. Nd4 Kf6 74. Kf4 Kg7 75. Bf5 Kf6 76. Nc6 Kf7 77. Kg5 Kg7 78. Ne5 Kf8 79. Kf6 Kg8 80. Bg6 Kh8 81. Nf7+ Kg8 82. Bf5 Kf8 83. Bh7 Ke8 84. Ne5 Kd8 85. Be4 Kc7 86. Nc4 Kd8 87. Bd5 Ke8 88. Ne5 Kf8 89. Ng6+ Ke8 90. Ke6 Kd8 91. Kd6 Ke8 92. Bb3 Kd8 93. Bc4 Ke8 94. Bd5 Kd8 95. Bc6 Kc8 96. Nf4 Kd8 97. Ne6+ Kc8 98. Kc5 Kb8 99. Kb6 Kc8 100. Be8 Kb8 101. Bd7 Ka8 102. Nc5 1-0

[Event "Sydney op-B"]
[Site "Parramatta"]
[Date "2010.04.10"]
[Round "7"]
[White "Weller, Tony"]
[Black "Beahan, Patrick"]
[Result "1-0"]
[WhiteElo "1943"]
[BlackElo "1301"]
[PlyCount "125"]
[EventDate "2010.04.07"]
[EventType "swiss"]
[EventRounds "9"]
[EventCountry "AUS"]
[SourceTitle "EXT 2012"]
[Source "ChessBase"]
[SourceDate "2011.11.24"]
[SourceVersion "1"]
[SourceVersionDate "2011.11.24"]
[SourceQuality "1"]

1. d4 Nf6 2. e3 g6 3. c4 c5 4. Nc3 cxd4 5. exd4 Bg7 6. Nf3 d6 7. Be3 Bg4 8. Be2 0-0 9. Qd2 Nc6 10. 0-0 Re8 11. d5 Bxf3 12. Bxf3 Ne5 13. Be2 a6 14. h3 Qc7 15. b3 Ned7 16. Rad1 Nc5 17. Bf3 Ncd7 18. Bh6 Ne5 19. Be2 Bxh6 20. Qxh6 b6 21. Kh1 e6 22. g4 Kh8 23. Qh4 Qe7 24. g5 Ng8 25. f4 Nd7 26. Bg4 f5 27. dxe6 Nc5 28. Bf3 Rad8 29. Nd5 Qg7 30. Nf6 Rxe6 31. Nxg8 Rxg8 32. Bd5 Rge8 33. Bxe6 Rxe6 34. Qf2 Ne4 35. Qxb6 Ng3+ 36. Kg2 Nxf1 37. Qd8+ Qg8 38. Qxg8+ Kxg8 39. Rxf1 a5 40. Kf2 Re4 41. Kf3 Rd4 42. Re1 Rd3+ 43. Re3 Rd2 44. a3 Ra2 45. b4 axb4 46. axb4 Ra4 47. Rb3 Kf7 48. Ke3 Ke6 49. Kd4 Ra1 50. b5 Kd7 51. b6 Kc8 52. b7+ Kb8 53. Kd5 Rd1+ 54. Kc6 Ra1 55. Kxd6 Ra6+ 56. Kd7 Ra4 57. c5 Rxf4 58. c6 Rd4+ 59. Ke6 Rc4 60. Kd5 Rc1 61. Re3 Kc7 62. Re7+ Kb8 63. Re8+ 1-0

[Event "Sydney op-B"]
[Site "Parramatta"]
[Date "2010.04.09"]
[Round "5"]
[White "Weller, Tony"]
[Black "Chau, Bernard"]
[Result "1/2-1/2"]
[WhiteElo "1943"]
[BlackElo "1517"]
[PlyCount "138"]
[EventDate "2010.04.07"]
[EventType "swiss"]
[EventRounds "9"]
[EventCountry "AUS"]
[SourceTitle "EXT 2012"]
[Source "ChessBase"]
[SourceDate "2011.11.24"]
[SourceVersion "1"]
[SourceVersionDate "2011.11.24"]
[SourceQuality "1"]

1. d4 Nf6 2. e3 d6 3. c4 g6 4. Nc3 Bg7 5. Nf3 Nc6 6. d5 Ne5 7. Nxe5 dxe5 8. e4 b6 9. Be2 0-0 10. 0-0 Bb7 11. f4 Ne8 12. f5 c6 13. Be3 Nc7 14. Qd2 Qd6 15. Bh6 Kh8 16. Rf3 Rg8 17. Raf1 Bxh6 18. Qxh6 g5 19. Qxd6 exd6 20. f6 c5 21. g4 Rg6 22. Bd1 Bc8 23. R3f2 Ba6 24. Be2 Rb8 25. a4 Bc8 26. h3 a6 27. Bd3 Bd7 28. Ra1 a5 29. Kg2 Rh6 30. b3 Rg8 31. Ne2 Ne8 32. Raf1 Rgg6 33. Ng3 Rxf6 34. Nh5 Rxf2+ 35. Rxf2 Kg8 36. Kg3 Rg6 37. Be2 Kf8 38. Kg2 Ke7 39. Bd3 Nf6 40. Nxf6 Rxf6 41. Rxf6 Kxf6 42. Be2 h6 43. Kg3 Kg6 44. Bf3 Be8 45. Be2 f6 46. Bf3 Kg7 47. Be2 Bg6 48. Bf3 Bh7 49. Kf2 h5 50. Ke3 Bg6 51. Kf2 Be8 52. Ke3 Bd7 53. Kf2 Kg6 54. Kg3 hxg4 55. hxg4 f5 56. gxf5+ Bxf5 57. exf5+ Kxf5 58. Bg4+ Ke4 59. Bd7 Kd3 60. Kg4 Kc3 61. Kxg5 Kxb3 62. Kf5 e4 63. Kxe4 Kxc4 64. Bb5+ Kc3 65. Kf5 Kd4 66. Ke6 c4 67. Bxc4 Kxc4 68. Kxd6 b5 69. axb5 Kxb5 1/2-1/2